5HLuxD.jpg

KING HENRY VIII SENIOR AND PRIMARY SCHOOL LIBRARY OPAC

Variant / (Record no. 174)

000 -LEADER
fixed length control field 00981cam a2200289 a 4500
001 - CONTROL NUMBER
control field 005466144
003 - CONTROL NUMBER IDENTIFIER
control field OSt
005 - DATE AND TIME OF LATEST TRANSACTION
control field 20190729144803.0
008 - FIXED-LENGTH DATA ELEMENTS--GENERAL INFORMATION
fixed length control field 101101s2012 nyu d 000 1 eng
010 ## - LIBRARY OF CONGRESS CONTROL NUMBER
LC control number 2010042661
020 ## - INTERNATIONAL STANDARD BOOK NUMBER
International Standard Book Number 9780062026095
Qualifying information (pbk.)
040 ## - CATALOGING SOURCE
Original cataloging agency NCNU
Language of cataloging eng
Transcribing agency NCNU
Modifying agency NCNU
Description conventions AACR2
042 ## - AUTHENTICATION CODE
Authentication code nbic
082 00 - DEWEY DECIMAL CLASSIFICATION NUMBER
Classification number FIC WEL
Edition number 22
100 1# - MAIN ENTRY--PERSONAL NAME
Personal name Wells, Robison E.
Relator term author
245 10 - TITLE STATEMENT
Title Variant /
Statement of responsibility, etc. Robison Wells.
250 ## - EDITION STATEMENT
Edition statement 1st ed.
260 ## - PUBLICATION, DISTRIBUTION, ETC.
Place of publication, distribution, etc. New York :
Name of publisher, distributor, etc. HarperTeen,
Date of publication, distribution, etc. 2012.
300 ## - PHYSICAL DESCRIPTION
Extent 376 p. ;
Dimensions 22 cm.
500 ## - GENERAL NOTE
General note Sequel: Feedback.
520 ## - SUMMARY, ETC.
Summary, etc. After years in foster homes, seventeen-year-old Benson Fisher applies to New Mexico's Maxfield Academy in hopes of securing a brighter future, but instead he finds that the school is a prison and no one is what he or she seems.
650 #1 - SUBJECT ADDED ENTRY--TOPICAL TERM
Topical term or geographic name entry element Boarding schools
General subdivision Fiction.
650 #1 - SUBJECT ADDED ENTRY--TOPICAL TERM
Topical term or geographic name entry element Schools
General subdivision Fiction.
650 #1 - SUBJECT ADDED ENTRY--TOPICAL TERM
Topical term or geographic name entry element Interpersonal relations
General subdivision Fiction.
650 #1 - SUBJECT ADDED ENTRY--TOPICAL TERM
Topical term or geographic name entry element Science fiction.
942 ## - ADDED ENTRY ELEMENTS (KOHA)
Source of classification or shelving scheme
Koha item type Books - Fiction
Holdings
Withdrawn status Lost status Source of classification or shelving scheme Damaged status Not for loan Collection code Permanent Location Current Location Shelving location Date acquired Total Checkouts Full call number Barcode Date last seen Date last checked out Price effective from Koha item type
          Fiction KH8 Senior School Library KH8 Senior School Library Fiction 2019-07-29 1 FIC WEL 3KHSL000101233 2024-07-22 2019-10-07 2019-07-29 Books - Fiction

Powered By KH8 IT Dept